000 00235nam a2200097Ia 4500
008 240331s9999 xx 000 0 und d
082 _bTAM
100 _aSanmugampillai . ed
245 0 _aTamilaga naatuppura makkalin paadalkal
942 _cL
999 _c3638
_d3638